000 00327nam a22001337a 4500
020 _a978-81-291-4531-4
082 _a001
_bBRI/Q
100 _aDEREK O' BRIEN
245 _aQUIZ BOOK 2017
_bBOURNVITA QUIZ CONTEST
260 _aDELHI
_bRUPA PUBLICATIONS
_c2017
300 _a120
650 _aGENERAL KNOWLEDGE
_zINDIA
942 _cBK
999 _c6527
_d6527